banner-ar

مناهج البحث التربوى / (Record no. 27860)

MARC details
000 -الفاتح
حقل البيانات ثابتة الطول 00724nam a2200241Ia 4500
008 - عناصر البيانات ثابتة الطول - معلومات عامة
حقل البيانات ثابتة الطول 140319s9999 xx 000 0 ara d
040 ## - مصدر الفهرسة
وكالة الفهرسة الأصلية GCL /
وكالة النسخ GCL
082 04 - رقم تصنيف ديوى العشرى
رقم التصنيف 370.78
رقم المادة ب م
100 1# - المدخل الرئيسى - إسم شخصى
الإسم الشخصى بست جون و.
245 10 - بيان العنوان
العنوان مناهج البحث التربوى /
بيان المسئوليه,etc بست جون و.
700 1# - المدخل الاضافى - اسم شخصى
الإسم الشخصى عبدالعزيز غانم الغاتم
260 ## - PUBLICATION, DISTRIBUTION, ETC. (IMPRINT)
تاريخ النشر أو التوزيع 1988
300 ## - الوصف المادى
التعداد 488 ص
490 ## - بيان السلسلة
عنوان السلسلة سلسلة الكتب المترجمة
رقم المجلد/ التعيين التسلسلي 0
650 04 - المدخل الاضافى بالموضوع-مصطلح موضوعى
مصطلح موضوعي طرق البحث
650 04 - المدخل الاضافى بالموضوع-مصطلح موضوعى
مصطلح موضوعي التعليم
650 04 - المدخل الاضافى بالموضوع-مصطلح موضوعى
مصطلح موضوعي التربية
650 04 - المدخل الاضافى بالموضوع-مصطلح موضوعى
مصطلح موضوعي الاجتماع
650 04 - المدخل الاضافى بالموضوع-مصطلح موضوعى
مصطلح موضوعي البحوث
650 04 - المدخل الاضافى بالموضوع-مصطلح موضوعى
مصطلح موضوعي مناهج
942 ## - عناصر المدخل الإضافي( كوها)
مصدر التصنيف او مخطط الترفيف Dewey Decimal Classification
Koha [default] item type كتاب
260 ## - PUBLICATION, DISTRIBUTION, ETC. (IMPRINT)
-- [S.N] :
-- مؤسسة الكويت للتقدم العلمى ،
Holdings
حالة التراجع حالة الفقد حالة تلف ليس للاعارة المكان المؤقت الموقع الحالى تاريخ الاكتساب اجمالي اﻻعارات رقم الطلب الباركود تاريخ اخر مشاهدة تاريخ تفعيل السعر نوع وعاء كوها
        مكتبة القاهرة الكبرى مكتبة القاهرة الكبرى 03/26/2014   370.78\ب م 63554 03/26/2014 03/26/2014 كتاب

Powered By

EGPV